| 000 | 00419cam a22001217a 4500 | ||
|---|---|---|---|
| 008 | 180718b1985 xxu||||| |||| 00| 0 eng d | ||
| 082 | _aA81x54 In2/81/8/Pt3A&B/1 | ||
| 100 | _aCensus of India 1981 | ||
| 245 | _aJammu and Kashmir: general economic tables | ||
| 260 |
_aDelhi _bThe Controller of Publications _c1985 |
||
| 300 | _a628+p. | ||
| 440 | _aCensus of India 1981. Series-8, Jammu & Kashmir. Part III A & B. Volume 1 | ||
| 999 |
_c482790 _d482790 |
||